MLB Silver Slugger Winners 2025 - Statistics

General Stats
  • This quiz has been taken 35 times
  • The average score is 17 of 20
Answer Stats
Position Answer Team % Correct
C Cal Raleigh Mariners
100%
OF Aaron Judge Yankees
96%
2B Ketel Marte Diamondbacks
96%
SS Bobby Witt Jr. Royals
93%
3B Manny Machado Padres
93%
1B Nick Kurtz Athletics
93%
1B Pete Alonso Mets
93%
OF Riley Greene Tigers
93%
OF Corbin Carroll Diamondbacks
89%
3B Jose Ramirez Guardians
89%
OF Juan Soto Mets
89%
DH Shohei Ohtani Dodgers
89%
OF Byron Buxton Twins
85%
C Hunter Goodman Rockies
85%
DH George Springer Blue Jays
81%
SS Geraldo Perdomo Diamondbacks
81%
2B Jazz Chisholm Jr. Yankees
78%
OF Kyle Tucker Cubs
78%
UTIL Zack McKinstry Tigers
67%
UTIL Alec Burelson Cardinals
11%
No matching quizzes found
Score Distribution
Percent of People with Each Score
Percentile by Number Answered
Your Score History
You have not taken this quiz